Chartered Surveyor Weekly (Record no. 118980)

MARC details
000 -LEADER
fixed length control field 00987cas a22002895a 4500
001 - CONTROL NUMBER
control field L138375
008 - FIXED-LENGTH DATA ELEMENTS--GENERAL INFORMATION
fixed length control field 070601d19821994xxkwr p 0 a0eng u
022 1# - INTERNATIONAL STANDARD SERIAL NUMBER
International Standard Serial Number 0264-049X
022 1# - INTERNATIONAL STANDARD SERIAL NUMBER
International Standard Serial Number 0969-7594
035 ## - SYSTEM CONTROL NUMBER
System control number (Sirsi) u138375
041 0# - LANGUAGE CODE
Language code of text/sound track or separate title eng
110 2# - MAIN ENTRY--CORPORATE NAME
Corporate name or jurisdiction name as entry element Royal Institution of Chartered Surveyors
9 (RLIN) 4900
240 ## - UNIFORM TITLE
Uniform title CSW
-- The Property Week
245 00 - TITLE STATEMENT
Title Chartered Surveyor Weekly
260 ## - PUBLICATION, DISTRIBUTION, ETC.
Place of publication, distribution, etc. London
Name of publisher, distributor, etc. RICS
-- Builder Group
Date of publication, distribution, etc. 1982-1994
362 0# - DATES OF PUBLICATION AND/OR SEQUENTIAL DESIGNATION
Dates of publication and/or sequential designation London: 1(1) 28 October 1982-46(6) 10 February 1994
362 0# - DATES OF PUBLICATION AND/OR SEQUENTIAL DESIGNATION
Dates of publication and/or sequential designation London: 1(1) 28 October 1982-36(12) September 1991
362 0# - DATES OF PUBLICATION AND/OR SEQUENTIAL DESIGNATION
Dates of publication and/or sequential designation London: 1(1) 28 October 1982-14(12) March 1986
362 0# - DATES OF PUBLICATION AND/OR SEQUENTIAL DESIGNATION
Dates of publication and/or sequential designation Edinburgh: 1(1) 28 October 1982-1992
520 ## - SUMMARY, ETC.
Summary, etc. From 44(5/6) 29 July/5 August 1993, this journal is no longer published by RICS Journals, but by The Builder Group.
554 ## -
-- Weekly
651 #4 - SUBJECT ADDED ENTRY--GEOGRAPHIC NAME
Geographic name UNITED KINGDOM
690 ## - LOCAL SUBJECT ADDED ENTRY--TOPICAL TERM (OCLC, RLIN)
Topical term or geographic name as entry element ABOUT RICS
780 00 - PRECEDING ENTRY
Title Chartered Surveyor Weekly
785 00 - SUCCEEDING ENTRY
Title Property Week
942 ## - ADDED ENTRY ELEMENTS (KOHA)
Suppress in OPAC 0
Holdings
Withdrawn status Lost status Source of classification or shelving scheme Damaged status Not for loan Home library Current library Shelving location Date acquired Total Checkouts Full call number Barcode Date last seen Price effective from Koha item type
    Dewey Decimal Classification     London London Enquiry desk 01/06/2007   RICS BUSINESS 138375-1001 06/08/2019 06/08/2019 Journal
    Dewey Decimal Classification     London London Books 13/08/2007   RICS BUSINESS 138375-1002 06/08/2019 06/08/2019 Journal
    Dewey Decimal Classification     London London Books 13/08/2007   RICS BUSINESS 138375-1003 06/08/2019 06/08/2019 Journal